Sports Quiz

Random Sports or Basketball Quiz

NBA Top 200 Scorers (2012-13) Quiz Stats

Quiz Updated Nov 9, 2016

Challenge
Share
Tweet
Embed
Score 0/200 Timer 20:00
3 Plays Today
Team(s) Player % Correct
MIALeBron James
98.9%
LALKobe Bryant
98.7%
OKCKevin Durant
98.6%
NYKCarmelo Anthony
97.1%
OKCRussell Westbrook
96.4%
HOUJames Harden
95.6%
GSWStephen Curry
95.5%
INDDavid West
95.5%
MIADwyane Wade
93.9%
LACBlake Griffin
87.1%
BOSPaul Pierce
86.9%
LACChris Paul
86.5%
BKNDeron Williams
86.2%
UTAMo Williams
85.7%
ATLLouis Williams
85.7%
MINDerrick Williams
85.6%
UTAMarvin Williams
85.6%
SASTony Parker
83.7%
NYKJ.R. Smith
82.5%
ATLJosh Smith
82.3%
MIAChris Bosh
82.2%
PORLaMarcus Aldridge
82%
SASTim Duncan
82%
PORDamian Lillard
81.9%
LALPau Gasol
81.7%
MEMMarc Gasol
81.7%
LALDwight Howard
81.2%
BKNBrook Lopez
80.8%
INDPaul George
80.5%
NOHRobin Lopez
80.4%
GSWKlay Thompson
79.4%
BOSKevin Garnett
78.9%
CLETristan Thompson
78.9%
SACJason Thompson
78.8%
BKNJoe Johnson
78.4%
TORAmir Johnson
77.9%
CLEKyrie Irving
77.8%
DALDirk Nowitzki
75.2%
NOHAnthony Davis
74.8%
MILMonta Ellis
74.5%
TOR/MEMEd Davis
74.5%
MIARay Allen
72.9%
GSWDavid Lee
72.9%
MEM/TORRudy Gay
72.7%
MEMTony Allen
72.6%
BOSCourtney Lee
72.4%
MILBrandon Jennings
71.7%
CHAKemba Walker
71.6%
TORDeMar DeRozan
71.2%
CHIJoakim Noah
70%
BOSJeff Green
69.1%
SASDanny Green
69.1%
WASJohn Wall
68.5%
LALSteve Nash
67.1%
SACDeMarcus Cousins
66.9%
MEMZach Randolph
65.4%
UTAAl Jefferson
65.3%
SASManu Ginobili
64.3%
CHICarlos Boozer
64%
BOSRajon Rondo
64%
ATLAl Horford
63.1%
HOUJeremy Lin
61.5%
LACDeAndre Jordan
60.4%
NYKTyson Chandler
59.9%
DENWilson Chandler
59.8%
MEMMike Conley
59.1%
OKCSerge Ibaka
59.1%
Team(s) Player % Correct
DENAndre Iguodala
59.1%
CHILuol Deng
58.9%
GSWJarrett Jack
58%
PHIJrue Holiday
57.5%
LACJamal Crawford
57%
DALVince Carter
57%
INDGeorge Hill
56.9%
WAS/BOSJordan Crawford
56.8%
UTAPaul Millsap
56.2%
INDRoy Hibbert
55.7%
CHIJimmy Butler
54.1%
LACCaron Butler
54%
SACIsaiah Thomas
53.7%
NOHEric Gordon
53.7%
SACTyreke Evans
53.6%
CHABen Gordon
53.6%
ATLJeff Teague
53.5%
DENTy Lawson
53.3%
DETGreg Monroe
52.8%
NOHRyan Anderson
52.7%
TORAlan Anderson
52.5%
CHINate Robinson
52.1%
MINRicky Rubio
51.9%
OKCKevin Martin
50.7%
BKNGerald Wallace
49.2%
HOUChandler Parsons
49%
SASKawhi Leonard
48.5%
ORL/MILJ.J. Redick
47.9%
DENAndre Miller
47.8%
DALO.J. Mayo
47.4%
PHIThaddeus Young
46.5%
PHINick Young
46.5%
TORKyle Lowry
45.5%
DENDanilo Gallinari
45.2%
GSWHarrison Barnes
45.1%
LACMatt Barnes
45%
WASBradley Beal
44.8%
PHXGoran Dragic
44.8%
ORLJameer Nelson
44.2%
UTAGordon Hayward
43.9%
BOSJason Terry
43.8%
MIAMario Chalmers
43.7%
PHXMarcin Gortat
43.3%
NYKRaymond Felton
43.2%
PORNicolas Batum
42.7%
WASNene
42.1%
ATLDevin Harris
41.8%
MIL/ORLTobias Harris
41.8%
DET/MEMTayshaun Prince
41.3%
PHIEvan Turner
40.9%
DENKenneth Faried
40.4%
LALMetta World Peace
40.4%
ATLKyle Korver
39.8%
DALShawn Marion
39.5%
DETBrandon Knight
39.5%
DALDarren Collison
36.7%
TOR/DETJose Calderon
36.7%
PORWesley Matthews
36.6%
LACEric Bledsoe
34.9%
HOUOmer Asik
34.7%
DENJaVale McGee
33.2%
CHITaj Gibson
33.2%
WASEmeka Okafor
33.1%
SASTiago Splitter
32.2%
DALElton Brand
31.8%
CHAGerald Henderson
31.3%
CLEDion Waiters
31.3%
Team(s) Player % Correct
INDLance Stephenson
31.3%
DETRodney Stuckey
31%
ORLNikola Vucevic
30.9%
NOHGreivis Vasquez
30.8%
MINNikola Pekovic
30.5%
UTADerrick Favors
30.2%
DETWill Bynum
30%
HOU/PHXMarcus Morris
29.9%
PHXMarkieff Morris
29.9%
LALAntawn Jamison
29.8%
MILLarry Sanders
28.5%
MINAndrei Kirilenko
28.4%
PHISpencer Hawes
28.2%
WASTrevor Ariza
28.2%
ORLArron Afflalo
27.7%
PHXLuis Scola
27.1%
CHAMichael Kidd-Gilchrist
26.7%
DALChris Kaman
25.7%
PHXShannon Brown
25.5%
DENCorey Brewer
25.1%
MILErsan Ilyasova
24.7%
OKCThabo Sefolosha
24.3%
PORJ.J. Hickson
23.9%
PHXMichael Beasley
23.7%
BOSBrandon Bass
23.4%
PHXJared Dudley
23%
MINJ.J. Barea
21.7%
SACMarcus Thornton
19.9%
HOU/SACPatrick Patterson
19.9%
GSWCarl Landry
19.5%
MILMike Dunleavy
19%
BKNAndray Blatche
18.3%
UTARandy Foye
18.2%
NYKSteve Novak
18.1%
LALJodie Meeks
17.8%
MINLuke Ridnour
17.8%
SASGary Neal
17.7%
CHIMarco Belinelli
17.6%
CLETyler Zeller
17.3%
CLEAlonzo Gee
17.1%
PHIDorell Wright
16.6%
BKNC.J. Watson
16.6%
DALBrandan Wright
16.6%
INDTyler Hansbrough
16.5%
DENKosta Koufos
16.3%
MEM/CLEMarreese Speights
14.9%
NOHAl-Farouq Aminu
14.8%
ORLMaurice Harkless
14.6%
SACJohn Salmons
14.6%
TORJonas Valanciunas
14.6%
WASMartell Webster
14.4%
CHARamon Sessions
13.6%
MEMJerryd Bayless
13.6%
CLEC.J. Miles
13.4%
DETKyle Singler
12.7%
CHAByron Mullens
12.6%
HOUCarlos Delfino
11.9%
NOHBrian Roberts
11.1%
MINAlexey Shved
10.4%
MEM/CLEWayne Ellington
10.4%
MIL/ORLBeno Udrih
9.4%
ORLAndrew Nicholson
8.5%
WASKevin Seraphin
8.4%
ORLE'Twaun Moore
7.8%
HOU/SACToney Douglas
7.6%
MINDante Cunningham
7.4%

You're not logged in!

Compare scores with friends on all Sporcle quizzes.
Sign Up with Email
OR
Log In

You Might Also Like...

Show Comments

Extras

Top Quizzes Today


Score Distribution

Your Account Isn't Verified!

In order to create a playlist on Sporcle, you need to verify the email address you used during registration. Go to your Sporcle Settings to finish the process.